00197nam a2200073Ia 4500008004100000100001500041245005900056260000800115120527s9999 xx 000 0 und d aOKEKE, C.E aElectronimagnetism and modern physics for life science bNUC